Sports Quiz

Random Sports or NHL Quiz

NHL: Top Single Season Points Per Team (2000s) Quiz Stats

 Plays Quiz Updated Jan 24, 2016

Score 0/300 Timer 20:00
6 Plays Today
Team Player % Correct
Pittsburgh PenguinsSidney Crosby
84%
Washington CapitalsAlex Ovechkin
79.7%
New York RangersJaromir Jagr
79.4%
Pittsburgh PenguinsJaromir Jagr
79.4%
Washington CapitalsJaromir Jagr
79.4%
Anaheim (Mighty) DucksTeemu Selänne
78.9%
San Jose SharksTeemu Selänne
78.9%
Chicago BlackhawksPatrick Kane
77.7%
Boston BruinsJoe Thornton
77.6%
San Jose SharksJoe Thornton
77.6%
Anaheim (Mighty) DucksCorey Perry
75.9%
Anaheim (Mighty) DucksRyan Getzlaf
75.8%
Calgary FlamesJarome Iginla
75.8%
Colorado AvalancheJoe Sakic
74.8%
Pittsburgh PenguinsEvgeni Malkin
74%
Atlanta ThrashersIlya Kovalchuk
73.5%
Vancouver CanucksDaniel Sedin
73.3%
Vancouver CanucksHenrik Sedin
73.3%
Chicago BlackhawksJonathan Toews
72.4%
Columbus Blue JacketsRick Nash
71.8%
Tampa Bay LightningMartin St. Louis
71.2%
Carolina HurricanesEric Staal
71.1%
Anaheim (Mighty) DucksPaul Kariya
70.9%
Nashville PredatorsPaul Kariya
70.9%
St. Louis BluesPaul Kariya
70.9%
Colorado AvalanchePeter Forsberg
70.2%
Philadelphia FlyersPeter Forsberg
70.2%
Atlanta ThrashersMarian Hossa
69.7%
Detroit Red WingsMarian Hossa
69.7%
Ottawa SenatorsMarian Hossa
69.7%
Dallas StarsMike Modano
69.6%
Atlanta ThrashersDany Heatley
69.3%
Ottawa SenatorsDany Heatley
69.3%
Detroit Red WingsPavel Datsyuk
69%
Detroit Red WingsHenrik Zetterberg
68.9%
Tampa Bay LightningVincent Lecavalier
66.6%
Toronto Maple LeafsMats Sundin
66.2%
Dallas StarsBrett Hull
65.3%
Detroit Red WingsBrett Hull
65.3%
Ottawa SenatorsDaniel Alfredsson
64.4%
Pittsburgh PenguinsMario Lemieux
64.2%
Florida PanthersPavel Bure
63.5%
Calgary FlamesValeri Bure
63.3%
Detroit Red WingsSteve Yzerman
63.1%
San Jose SharksPatrick Marleau
62.2%
Tampa Bay LightningBrad Richards
62%
Philadelphia FlyersMike Richards
61.9%
New Jersey DevilsPatrik Elias
60.2%
Montreal CanadiensSaku Koivu
60.1%
Minnesota WildMikko Koivu
60%
Washington CapitalsNicklas Bäckström
59.9%
Detroit Red WingsNicklas Lidström
59.4%
Vancouver CanucksMarkus Näslund
59.1%
Phoenix CoyotesShane Doan
58.9%
New York RangersEric Lindros
58.3%
Minnesota WildMarian Gaborik
57.2%
Philadelphia FlyersJeff Carter
56.9%
Edmonton OilersAnson Carter
56.8%
Vancouver CanucksAnson Carter
56.8%
New Jersey DevilsZach Parise
56.1%
Anaheim (Mighty) DucksChris Pronger
56%
Edmonton OilersChris Pronger
56%
St. Louis BluesChris Pronger
56%
Ottawa SenatorsJason Spezza
55.7%
Carolina HurricanesRod Brind'Amour
55.6%
Philadelphia FlyersJeremy Roenick
55.3%
Phoenix CoyotesJeremy Roenick
55.3%
Boston BruinsPatrice Bergeron
55%
Anaheim (Mighty) DucksSergei Fedorov
54.4%
Detroit Red WingsSergei Fedorov
54.4%
Anaheim (Mighty) DucksScott Niedermayer
54.1%
Colorado AvalancheMilan Hejduk
53.7%
Detroit Red WingsBrendan Shanahan
53.3%
Montreal CanadiensAlex Kovalev
52.7%
Pittsburgh PenguinsAlex Kovalev
52.7%
New York RangersMark Messier
52.7%
Vancouver CanucksMark Messier
52.7%
Los Angeles KingsAnze Kopitar
52.6%
Atlanta ThrashersMarc Savard
52.6%
Boston BruinsMarc Savard
52.6%
Calgary FlamesMarc Savard
52.6%
Philadelphia FlyersMark Recchi
52%
Pittsburgh PenguinsMark Recchi
51.9%
Tampa Bay LightningMark Recchi
51.9%
Carolina HurricanesRon Francis
51.5%
Buffalo SabresThomas Vanek
51.3%
Buffalo SabresDaniel Briere
51.3%
Philadelphia FlyersDaniel Briere
51.3%
Phoenix CoyotesDaniel Briere
51.3%
Colorado AvalancheRyan Smyth
51.3%
Edmonton OilersRyan Smyth
51.3%
Phoenix CoyotesKeith Tkachuk
50.6%
St. Louis BluesKeith Tkachuk
50.6%
Colorado AvalancheRob Blake
50.5%
New York IslandersJason Blake
50.5%
Toronto Maple LeafsJason Blake
50.5%
Vancouver CanucksTodd Bertuzzi
50.5%
New York IslandersAlexei Yashin
50.2%
Ottawa SenatorsAlexei Yashin
50.2%
Tampa Bay LightningSteven Stamkos
50%
Team Player % Correct
Los Angeles KingsLuc Robitaille
49.5%
New Jersey DevilsScott Gomez
47.8%
New York RangersScott Gomez
47.8%
San Jose SharksJonathan Cheechoo
47.1%
Philadelphia FlyersJohn LeClair
46.7%
Washington CapitalsPeter Bondra
46%
Chicago BlackhawksTony Amonte
46%
Buffalo SabresChris Drury
44.8%
Colorado AvalancheChris Drury
44.8%
Florida PanthersOlli Jokinen
44.8%
Dallas StarsJussi Jokinen
44.7%
New Jersey DevilsAlexander Mogilny
44.6%
Toronto Maple LeafsAlexander Mogilny
44.6%
Calgary FlamesAlex Tanguay
44.5%
Colorado AvalancheAlex Tanguay
44.5%
Edmonton OilersDoug Weight
44.1%
St. Louis BluesDoug Weight
44.1%
Washington CapitalsAdam Oates
43.8%
Colorado AvalancheRay Bourque
43.6%
Washington CapitalsAlexander Semin
43.5%
New Jersey DevilsBrian Gionta
43.4%
San Jose SharksJoe Pavelski
42.5%
Minnesota WildOwen Nolan
42.2%
San Jose SharksOwen Nolan
42.2%
Washington CapitalsMike Green
42.2%
Chicago BlackhawksPatrick Sharp
42.2%
Detroit Red WingsRobert Lang
42.1%
Pittsburgh PenguinsRobert Lang
42.1%
Washington CapitalsRobert Lang
42.1%
Los Angeles KingsZiggy Palffy
41.7%
Boston BruinsBill Guerin
41.4%
Dallas StarsBill Guerin
41.4%
Buffalo SabresJason Pominville
41%
Buffalo SabresMiroslav Satan
40.3%
New York IslandersMiroslav Satan
40.3%
New York RangersBrian Leetch
40.2%
Philadelphia FlyersSimon Gagne
40%
Dallas StarsJason Arnott
39.9%
Nashville PredatorsJason Arnott
39.9%
New Jersey DevilsJason Arnott
39.9%
New York RangersTheoren Fleury
39.6%
Boston BruinsGlen Murray
39.5%
Los Angeles KingsGlen Murray
39.5%
Phoenix CoyotesMike Johnson
39.5%
Minnesota WildPavol Demitra
39%
St. Louis BluesPavol Demitra
39%
Vancouver CanucksPavol Demitra
39%
Carolina HurricanesRay Whitney
38.5%
Columbus Blue JacketsRay Whitney
38.5%
Florida PanthersRay Whitney
38.5%
Dallas StarsSergei Zubov
38%
Vancouver CanucksRyan Kesler
37.6%
Carolina HurricanesJustin Williams
36.9%
Nashville PredatorsDavid Legwand
36.9%
Buffalo SabresDerek Roy
36.6%
Florida PanthersJoe Nieuwendyk
36.4%
Atlanta ThrashersVyacheslav Kozlov
35.9%
Florida PanthersViktor Kozlov
35.9%
St. Louis BluesAl MacInnis
35.7%
Boston BruinsDavid Krejci
35.4%
Chicago BlackhawksMartin Havlat
35.1%
Ottawa SenatorsMartin Havlat
35.1%
Montreal CanadiensAndrei Markov
34.6%
Detroit Red WingsJohan Franzen
34%
Pittsburgh PenguinsSergei Gonchar
34%
Washington CapitalsSergei Gonchar
34%
Calgary FlamesMike Cammalleri
33.9%
Los Angeles KingsMike Cammalleri
33.9%
New York RangersMartin Straka
33.6%
Pittsburgh PenguinsMartin Straka
33.6%
Toronto Maple LeafsTomas Kaberle
33.5%
Edmonton OilersAles Hemsky
33%
Anaheim (Mighty) DucksPetr Sykora
33%
New Jersey DevilsPetr Sykora
33%
Pittsburgh PenguinsPetr Sykora
33%
Boston BruinsJason Allison
32.7%
Los Angeles KingsJason Allison
32.7%
Toronto Maple LeafsJason Allison
32.7%
Chicago BlackhawksEric Daze
32.4%
Anaheim (Mighty) DucksAndy McDonald
32%
St. Louis BluesPierre Turgeon
31.8%
Dallas StarsMike Ribeiro
31.6%
Montreal CanadiensMike Ribeiro
31.6%
Montreal CanadiensTomas Plekanec
31.4%
Boston BruinsSergei Samsonov
31.4%
Chicago BlackhawksSteve Sullivan
31.2%
Nashville PredatorsSteve Sullivan
31.2%
Dallas StarsBrenden Morrow
31.2%
Atlanta ThrashersAndrew Brunette
31.1%
Colorado AvalancheAndrew Brunette
31.1%
Minnesota WildAndrew Brunette
31.1%
Anaheim (Mighty) DucksChris Kunitz
31%
Tampa Bay LightningDan Boyle
30.5%
Colorado AvalanchePaul Stastny
30%
San Jose SharksVincent Damphousse
29.3%
Dallas StarsJere Lehtinen
29.1%
Ottawa SenatorsVinny Prospal
28.7%
Tampa Bay LightningVinny Prospal
28.7%
Calgary FlamesDion Phaneuf
28.6%
Buffalo SabresMaxim Afinogenov
28.4%
Team Player % Correct
Nashville PredatorsMartin Erat
27.6%
Vancouver CanucksBrendan Morrison
27.5%
Calgary FlamesCraig Conroy
27.4%
Los Angeles KingsCraig Conroy
27.4%
Edmonton OilersShawn Horcoff
27.3%
Carolina HurricanesCory Stillman
27.1%
Florida PanthersCory Stillman
27.1%
St. Louis BluesCory Stillman
27.1%
Tampa Bay LightningCory Stillman
27.1%
Chicago BlackhawksMichael Nylander
27%
New York RangersMichael Nylander
27%
Toronto Maple LeafsBryan McCabe
26.5%
Carolina HurricanesJeff O'Neill
26.4%
Boston BruinsBrad Boyes
26.2%
St. Louis BluesScott Young
26.2%
St. Louis BluesBrad Boyes
26.2%
Boston BruinsBrian Rolston
26%
Minnesota WildBrian Rolston
26%
New Jersey DevilsJamie Langenbrunner
25.5%
Carolina HurricanesErik Cole
25.4%
Toronto Maple LeafsSteve Thomas
25.3%
New Jersey DevilsBrian Rafalski
25.1%
New York RangersPetr Nedved
24.9%
Florida PanthersStephen Weiss
24.9%
New York IslandersMichael Peca
24.7%
Chicago BlackhawksAlex Zhamnov
24.3%
Florida PanthersNathan Horton
24.3%
Toronto Maple LeafsDarcy Tucker
24.2%
Columbus Blue JacketsDavid Vyborny
24%
Ottawa SenatorsRadek Bonk
23.9%
Calgary FlamesDaymond Langkow
23.5%
Phoenix CoyotesDaymond Langkow
23.5%
Atlanta ThrashersTodd White
23.4%
Ottawa SenatorsTodd White
23.4%
Atlanta ThrashersRay Ferraro
23.2%
Columbus Blue JacketsGeoff Sanderson
22.7%
Dallas StarsLoui Eriksson
22.6%
Philadelphia FlyersKeith Primeau
22.5%
Edmonton OilersSheldon Souray
22.4%
Montreal CanadiensSheldon Souray
22.4%
New Jersey DevilsTravis Zajac
21.7%
Montreal CanadiensMichael Ryder
21%
Nashville PredatorsJ.P. Dumont
20.8%
Phoenix CoyotesRadim Vrbata
20.2%
Calgary FlamesPhil Housley
19.2%
Tampa Bay LightningFredrik Modin
19.2%
Montreal CanadiensMark Streit
19%
New York IslandersMark Streit
19%
Los Angeles KingsAlex Frolov
18.7%
Los Angeles KingsAdam Deadmarsh
18.5%
Los Angeles KingsLubomir Visnovsky
18.5%
Minnesota WildAlexandre Daigle
18.5%
Minnesota WildPierre-Marc Bouchard
18.3%
Columbus Blue JacketsR.J. Umberger
17.9%
Minnesota WildCliff Ronning
17.8%
Nashville PredatorsCliff Ronning
17.8%
Calgary FlamesKristian Huselius
17.7%
Columbus Blue JacketsKristian Huselius
17.7%
Montreal CanadiensAndrei Kostitsyn
17.6%
Carolina HurricanesSami Kapanen
17.4%
Columbus Blue JacketsNikolai Zherdev
17.1%
New York IslandersMariusz Czerkawski
16.7%
Florida PanthersJozef Stumpel
16.5%
San Jose SharksJeff Friesen
16.1%
Edmonton OilersMike Comrie
15.9%
Phoenix CoyotesMike Comrie
15.9%
Philadelphia FlyersMike Knuble
15.9%
Atlanta ThrashersDonald Audette
15.8%
Minnesota WildPascal Dupuis
15.7%
Washington CapitalsDainius Zubrus
15.7%
Columbus Blue JacketsAndrew Cassels
15.6%
Vancouver CanucksAndrew Cassels
15.6%
Buffalo SabresJochen Hecht
15.5%
Atlanta ThrashersShawn McEachern
14.8%
Ottawa SenatorsShawn McEachern
14.8%
Florida PanthersDavid Booth
14.7%
Nashville PredatorsScott Walker
14.7%
Buffalo SabresTim Connolly
14.5%
San Jose SharksMilan Michalek
14.4%
Toronto Maple LeafsAlexei Ponikarovsky
14.3%
Carolina HurricanesTuomo Ruutu
14%
New York IslandersMark Parrish
13.8%
San Jose SharksDevin Setoguchi
13.4%
Nashville PredatorsAlexander Radulov
13.3%
New York RangersRadek Dvorak
13.3%
Chicago BlackhawksKyle Calder
13.2%
Montreal CanadiensYanic Perreault
12.8%
Nashville PredatorsYanic Perreault
12.8%
Edmonton OilersTodd Marchant
12.7%
New York IslandersMike York
12.6%
Tampa Bay LightningRyan Malone
12%
Buffalo SabresAles Kotalik
11.5%
Edmonton OilersJarret Stoll
11.1%
Phoenix CoyotesLadislav Nagy
10.8%
Toronto Maple LeafsJonas Höglund
10.8%
Columbus Blue JacketsEspen Knutsen
9.6%
New York IslandersMike Sillinger
9.5%
New York IslandersShawn Bates
8%
Columbus Blue JacketsJaroslav Spacek
7.4%
Phoenix CoyotesPeter Mueller
6.3%

You're not logged in!

Compare scores with friends on all Sporcle quizzes.
OR
Log In

Show Comments

Extras

Top Quizzes Today


Score Distribution

Your Account Isn't Verified!

In order to create a playlist on Sporcle, you need to verify the email address you used during registration. Go to your Sporcle Settings to finish the process.

Report this User

Report this user for behavior that violates our Community Guidelines.

Details: